00371nam a2200133Ia 4500008004100000100002600041245007100067260000900138300001300147504000800160650003600168650001500204773001800219181130s2018 xx 000 0 und d aDehlvi, Ghulam Rasool aTheology, terror and politics in Egypt:binterplay in the triangle c2018 ap.34-39. dApr aGovernment and politics - Egypt aTerrorism  aWorld Affairs